| 000 | 00757cam a2200217 i 4500 | ||
|---|---|---|---|
| 005 | 20260118104743.0 | ||
| 008 | 250721s2002 jo gr 000 0 ara d | ||
| 020 | _a9957416030 | ||
| 082 | 1 | 4 |
_a320.6 _bح س ي |
| 100 | 1 |
_aالحسين، أحمد _eمؤلف. |
|
| 245 | 1 | 0 |
_aمدخل إلى تحليل السياسات العامة / _cد. أحمد مصطفى الحسين. |
| 250 | _aالطبعة الأولى. | ||
| 264 | 3 | 1 |
_aعمان : _bالمركز العلمي للدراسات العامة، _c2002. |
| 300 | _a332 صفحة. | ||
| 650 | 1 | 7 | _aالسياسة الحكومية. |
| 650 | 1 | 7 | _aعلوم السياسات. |
| 650 | 1 | 7 | _aالسياسة. |
| 650 | 1 | 7 | _aالتحليل. |
| 942 |
_2ddc _cBK |
||
| 999 |
_c85456 _d85456 |
||